| 000 | 00854nabaa22002411i 4500 | ||
|---|---|---|---|
| 003 | EG-GiCUS | ||
| 005 | 20260411134724.0 | ||
| 008 | 260411c19989999su uu p f0 0ara d | ||
| 040 |
_aEG-GiCUS _bara _cEG-GiCUS _erda |
||
| 041 | _aara | ||
| 043 | _a ar----- | ||
| 092 |
_a813.9 _bR198 _221 |
||
| 099 | _a813.9 R198 | ||
| 245 | 0 | 2 |
_aالراوي : _bدورية تعنى بالسرديات العربية |
| 264 | 1 |
_aجدة : _bالنادي الادبي الثقافي، _c[1998?- ] |
|
| 300 |
_aمجلد: _b،ايض _c24سم |
||
| 362 | 1 | _aصدر العدد .1(مارس1998) | |
| 541 | _aإهداء | ||
| 650 | 7 |
_aالقصة العربية _xتاريخ و نقد _zشبه الجزيرة العربية _vالدوريات. _2qrmak |
|
| 710 | 2 | _aنادي الادبي الثقافي (جدة، سعودية) | |
| 905 |
_aAbeer _eAbeer |
||
| 942 |
_n0 _cCR |
||
| 999 |
_c179381 _d179381 |
||